Normal view
MARC view
Entry Personal Name
001 - CONTROL NUMBER
- control field: 8053
003 - CONTROL NUMBER IDENTIFIER
- control field: BD-RjUL
005 - DATE AND TIME OF LATEST TRANSACTION
- control field: 20230717151036.0
008 - FIXED-LENGTH DATA ELEMENTS
- fixed length control field: 230717|| aca||aabn | a|a d
040 ## - CATALOGING SOURCE
- Original cataloging agency: BD-RjUL
- Transcribing agency: BD-RjUL
100 ## - HEADING--PERSONAL NAME
- Personal name: Stewart, Charles,
- Dates associated with a name: 1764-1837
670 ## - SOURCE DATA FOUND
- Source citation: Work cat.: (BD-RjUL)81579: Stewart, Charles, 1764-1837 (Author), The history of Bengal : , 2013